000 00906nas a2200301 4500
001 BR0604489
003 BR-BrBNA
005 20231205110426.0
007 ta
008 230509b bl.|||p| |||| 00| 00por d
040 _aBR-BrBNA
_bpor
_cBiblioteca Nacional de Agricultura
041 _a(Pt)
072 _aL73; L74
100 1 _aDutra, I.S.
100 1 _aDöbereiner, J.
100 1 _aSouza, A.M.
245 1 _aBotulismo em bovinos de corte e leite alimentados com cama de frango
650 _aGADO DE CORTE
650 _aGADO LEITEIRO
650 _aINTOXICAÇÃO ALIMENTAR
650 _aCAMA DE FRANGO
650 _aSUPLEMENTO ALIMENTAR
650 _aBOTULISMO
650 _aMORTALIDADE ANIMAL
773 0 _tPesquisa Veterinária Brasileira (Brazil)
_xISSN 0100-736X
_g(Apr-Jun 2005), v. 25(2) p. 115-119
_wBR0604489
909 _a202311
_bLúcia
_c55
_dLúcia Elande
942 _2AGRIS
_n0
_cANA
999 _c187346
_d187346